A merry friggin' Christmas / (Record no. 285305)
[ view plain ]
| 000 -LEADER | |
|---|---|
| fixed length control field | 03332cgm a2200757Ii 4500 |
| 001 - CONTROL NUMBER | |
| control field | ocn892994134 |
| 003 - CONTROL NUMBER IDENTIFIER | |
| control field | OCoLC |
| 005 - DATE AND TIME OF LATEST TRANSACTION | |
| control field | 20200320193137.0 |
| 007 - PHYSICAL DESCRIPTION FIXED FIELD--GENERAL INFORMATION | |
| fixed length control field | vd cvaizq |
| 008 - FIXED-LENGTH DATA ELEMENTS--GENERAL INFORMATION | |
| fixed length control field | 141015s2014 xxc081 vleng d |
| 020 ## - INTERNATIONAL STANDARD BOOK NUMBER | |
| Terms of availability | 15.95 |
| 024 1# - OTHER STANDARD IDENTIFIER | |
| Standard number or code | 625828637322 |
| 028 42 - PUBLISHER NUMBER | |
| Publisher number | P4F-63732 |
| Source | Phase 4 Films |
| 035 ## - SYSTEM CONTROL NUMBER | |
| System control number | (OCoLC)892994134 |
| 040 ## - CATALOGING SOURCE | |
| Original cataloging agency | TEFMT |
| Language of cataloging | eng |
| Description conventions | rda |
| Transcribing agency | TEFMT |
| Modifying agency | TEF |
| -- | MR0 |
| -- | JP3 |
| -- | WACOL |
| 041 0# - LANGUAGE CODE | |
| Language code of text/sound track or separate title | eng |
| Language code of original and/or intermediate translations of text | eng |
| 049 ## - LOCAL HOLDINGS (OCLC) | |
| Holding library | WACL |
| 050 #4 - LIBRARY OF CONGRESS CALL NUMBER | |
| Classification number | PN1997.2 |
| Item number | .M47 2014 |
| 082 04 - DEWEY DECIMAL CLASSIFICATION NUMBER | |
| Classification number | 791.43/72 |
| Edition number | 23 |
| 092 ## - LOCALLY ASSIGNED DEWEY CALL NUMBER (OCLC) | |
| Classification number | DVD |
| Item number | Mer |
| 245 02 - TITLE STATEMENT | |
| Title | A merry friggin' Christmas / |
| Statement of responsibility, etc | Entertainment One Films and Sycamore Pictures presents ; written by Michael Brown ; directed by Tristram Shapeero. |
| 246 3# - VARYING FORM OF TITLE | |
| Title proper/short title | Merry frigging Christmas |
| 264 #1 - Production, Publication, Distribution, Manufacture, and Copyright Notice. | |
| Place of production, publication, distribution, manufacture | [Canada] : |
| Name of producer, publisher, distributor, manufacturer | Phase 4 Films, |
| Date of production, publication, distribution, manufacture, or copyr | 2014. |
| 264 #2 - Production, Publication, Distribution, Manufacture, and Copyright Notice. | |
| Place of production, publication, distribution, manufacture | Fort Mill, SC : |
| Name of producer, publisher, distributor, manufacturer | Phase 4 Films (USA), LLC, |
| Date of production, publication, distribution, manufacture, or copyr | 2014. |
| 300 ## - PHYSICAL DESCRIPTION | |
| Extent | 1 videodisc (81 min.) : |
| Other physical details | sound, color ; |
| Dimensions | 4 3/4 in. |
| 336 ## - Content Type | |
| Content type term | two-dimensional moving image |
| 337 ## - Media type | |
| Media type term | video |
| 338 ## - Carrier type | |
| Carrier type term | videodisc |
| 344 ## - | |
| -- | digital |
| -- | optical |
| -- | stereo |
| -- | surround |
| -- | rda |
| 347 ## - | |
| -- | video file |
| -- | DVD video |
| -- | rda |
| 538 ## - SYSTEM DETAILS NOTE | |
| System details note | DVD ; widescreen (1.85:1) presentation ; Dolby digital 5.1 surround. |
| 546 ## - LANGUAGE NOTE | |
| Language note | Closed-captioned. |
| 588 0# - | |
| -- | Title from container. |
| 511 1# - PARTICIPANT OR PERFORMER NOTE | |
| Participant or performer note | Joel McHale, Lauren Graham, Clark Duke, Oliver Platt, Wendi McLendon-Covey, Tim Heidecker, Robin Williams, Candice Bergen. |
| 508 ## - CREATION/PRODUCTION CREDITS NOTE | |
| Creation/production credits note | Music, Ludwig Göransson ; editor, Christian Kinnard ; director of photogrpahy, Giovani Lampassi. |
| 500 ## - GENERAL NOTE | |
| General note | DVD release of the 2014 motion picture. |
| 521 8# - TARGET AUDIENCE NOTE | |
| Target audience note | MPAA rating: Not rated. |
| 520 ## - SUMMARY, ETC. | |
| Summary, etc | Boyd and his family are forced to spend Christmas at his parents' house. When he realizes that he left his son's gifts at home, Boyd and his father must hit the road in a blizzard to retrieve the gifts before sunrise and save Christmas. |
| 500 ## - GENERAL NOTE | |
| General note | Special features: Cast interviews. |
| 650 #0 - SUBJECT ADDED ENTRY--TOPICAL TERM | |
| Topical term or geographic name as entry element | Christmas plays. |
| 9 (RLIN) | 81399 |
| 650 #0 - SUBJECT ADDED ENTRY--TOPICAL TERM | |
| Topical term or geographic name as entry element | Families |
| Form subdivision | Drama. |
| 9 (RLIN) | 5675607 |
| 650 #0 - SUBJECT ADDED ENTRY--TOPICAL TERM | |
| Topical term or geographic name as entry element | Fathers and sons |
| Form subdivision | Drama. |
| 9 (RLIN) | 5704996 |
| 655 #7 - INDEX TERM--GENRE/FORM | |
| Genre/form data or focus term | Comedy films. |
| Source of term | lcgft |
| 9 (RLIN) | 102658 |
| 655 #7 - INDEX TERM--GENRE/FORM | |
| Genre/form data or focus term | Action and adventure films. |
| Source of term | lcgft |
| 9 (RLIN) | 5674017 |
| 655 #7 - INDEX TERM--GENRE/FORM | |
| Genre/form data or focus term | Feature films. |
| Source of term | lcgft |
| 9 (RLIN) | 5893726 |
| 655 #7 - INDEX TERM--GENRE/FORM | |
| Genre/form data or focus term | Fiction films. |
| Source of term | lcgft |
| 9 (RLIN) | 5674705 |
| 655 #7 - INDEX TERM--GENRE/FORM | |
| Genre/form data or focus term | Road films. |
| Source of term | lcgft |
| 9 (RLIN) | 5748334 |
| 655 #7 - INDEX TERM--GENRE/FORM | |
| Genre/form data or focus term | Christmas films. |
| Source of term | lcgft |
| 9 (RLIN) | 5675361 |
| 655 #7 - INDEX TERM--GENRE/FORM | |
| Genre/form data or focus term | Video recordings for the hearing impaired. |
| Source of term | lcgft |
| 9 (RLIN) | 5893727 |
| 700 1# - ADDED ENTRY--PERSONAL NAME | |
| Personal name | Shapeero, Tristram, |
| Relator term | film director. |
| 9 (RLIN) | 5893728 |
| 700 1# - ADDED ENTRY--PERSONAL NAME | |
| Personal name | Brown, Michael, |
| Dates associated with a name | 1920-2014, |
| Relator term | screenwriter. |
| 9 (RLIN) | 5893729 |
| 700 1# - ADDED ENTRY--PERSONAL NAME | |
| Personal name | McHale, Joel, |
| Dates associated with a name | 1971- |
| Relator term | actor. |
| 9 (RLIN) | 5893730 |
| 700 1# - ADDED ENTRY--PERSONAL NAME | |
| Personal name | Graham, Lauren, |
| Dates associated with a name | 1967- |
| Relator term | actor. |
| 9 (RLIN) | 5756847 |
| 700 1# - ADDED ENTRY--PERSONAL NAME | |
| Personal name | Duke, Clark, |
| Dates associated with a name | 1985- |
| Relator term | actor. |
| 9 (RLIN) | 5884694 |
| 700 1# - ADDED ENTRY--PERSONAL NAME | |
| Personal name | Platt, Oliver, |
| Relator term | actor. |
| 9 (RLIN) | 62020 |
| 700 1# - ADDED ENTRY--PERSONAL NAME | |
| Personal name | McLendon-Covey, Wendi, |
| Dates associated with a name | 1969- |
| Relator term | actor. |
| 9 (RLIN) | 5772941 |
| 700 1# - ADDED ENTRY--PERSONAL NAME | |
| Personal name | Heidecker, Tim, |
| Dates associated with a name | 1976- |
| Relator term | actor. |
| 9 (RLIN) | 5893731 |
| 700 1# - ADDED ENTRY--PERSONAL NAME | |
| Personal name | Bergen, Candice, |
| Dates associated with a name | 1946- |
| Relator term | actor. |
| 9 (RLIN) | 20389 |
| 700 1# - ADDED ENTRY--PERSONAL NAME | |
| Personal name | Williams, Robin, |
| Dates associated with a name | 1951-2014, |
| Relator term | actor. |
| 9 (RLIN) | 5732437 |
| 710 2# - ADDED ENTRY--CORPORATE NAME | |
| Corporate name or jurisdiction name as entry element | Phase 4 Films (Firm) |
| 9 (RLIN) | 5692885 |
| 710 2# - ADDED ENTRY--CORPORATE NAME | |
| Corporate name or jurisdiction name as entry element | Entertainment One (Firm) |
| 9 (RLIN) | 5800657 |
| 942 ## - ADDED ENTRY ELEMENTS (KOHA) | |
| Koha item type | DVD |
| 948 ## - LOCAL PROCESSING INFORMATION (OCLC); SERIES PART DESIGNATOR (RLIN) | |
| Series part designator, SPT (RLIN) | 12/12/2014 |
| z (OCLC) | Sirsi |
| 994 ## - | |
| -- | 02 |
| -- | WACOL |
| 996 ## - | |
| -- | 114347 |
| -- | 34301001400300 |
| -- | HOLDVD |
| -- | DVD |
| -- | wcl |
| -- | i |
| -- | 18 |
| -- | 24.95 |
| -- | micro |
| -- | Mer |
| -- | 12/12/2014 |
| -- | 12/19/2019 |
| -- | 12/16/2019 |
| Withdrawn status | Lost status | Source of classification or shelving scheme | Damaged status | Not for loan | Collection code | Home library | Current library | Shelving location | Date acquired | Source of acquisition | Cost, normal purchase price | Total Checkouts | Total Renewals | Full call number | Barcode | Date last seen | Date checked out | Cost, replacement price | Price effective from | Koha item type |
|---|---|---|---|---|---|---|---|---|---|---|---|---|---|---|---|---|---|---|---|---|
| Dewey Decimal Classification | Holiday Movies | Wasatch County Library | Wasatch County Library | Audio Visual Area | 12/12/2014 | 24.95 | 23 | 4 | DVD Mer | 34301001400300 | 12/30/2024 | 12/23/2024 | 24.95 | 03/20/2020 | DVD |
